Comarcas de Cataluña - Estadísticas

Estadísticas generales
  • Esta prueba ha sido intentada 2.791 veces
  • La puntuación promedio es 18 de 41
Respuestas en el mapa
Las respuestas están codificadas por una escala verde-roja en el mapa de la prueba según el % correcto abajo.
 
Estadísticas de respuestas
Respuesta % Correcto
Val D'Aran
78%
Barcelonès
68%
Alt Empordà
65%
Maresme
65%
Gironès
59%
Baix Llobregat
58%
Cerdanya
58%
Baix Empordà
56%
Tarragonès
56%
Vallès Occidental
54%
Vallès Oriental
52%
Selva
51%
Garraf
48%
Pallars Jussà
48%
Pallars Sobirà
46%
Pla de L'Estany
46%
Alta ribagorça
45%
Anoia
45%
Garrotxa
43%
Alt penedès
42%
Osona
42%
Ripollès
42%
Alt Urgell
41%
Montsià
41%
Noguera
41%
Segrià
41%
Baix penedès
40%
Berguedà
40%
Bages
37%
Baix Ebre
37%
Baix camp
36%
Terra alta
36%
Alt camp
34%
Pla d'urgell
34%
Ribera d'Ebre
33%
Solsonès
33%
Priorat
31%
Conca de Barberà
30%
Urgell
29%
Segarra
26%
Garrigues
25%
No se encontraron pruebas coincidentes
Distribución de puntuación
Porcentaje de gente con cada puntuación
Porcentaje por número respondido
Historial de tus puntuaciones
No has intentado esta prueba.